Alle Torschützen der Relegation zur 1.Bundesliga seit Wiedereinführung - Statistiken

Allgemein
  • Dieses Quiz wurde 26 mal gespielt
  • Das Durchschnittsergebnis liegt bei 15 aus 67
Antwortstatistiken
Saison Tore Verein Spieler % Korrekt
1 VfB Stuttgart Serhou Guirassy
64%
1 Hamburger SV Marcelo Diaz
60%
1 1. FC Nürnberg Marek Mintal
60%
2 VfL Bochum Philipp Hofmann
60%
1 Borussia Mönchengladbach Marco Reus
56%
1 1. FC Heidenheim Leo Scienza
52%
1 Hamburger SV Pierre-Michel Lasogga
52%
2014/15 1 Karlsruher SC Rouwen Hennings
48%
2010/11 1 Borussia Mönchengladbach Igor de Camargo
44%
2019/20 2 1. FC Heidenheim Tim Kleindienst
44%
2018/19 1 VfB Stuttgart Christian Gentner
40%
2016/17 1 VfL Wolfsburg Mario Gomez
40%
1 VfB Stuttgart Mario Gomez
40%
1 Fortuna Düsseldorf Maximilian Beister
40%
1 Hertha BSC Raffael
40%
1 1. FC Köln Jonas Hector
36%
1 VfL Bochum Kevin Stöger
36%
1 Hertha BSC Marvin Plattenhardt
36%
2 VfB Stuttgart Enzo Millot
32%
1 SV Elversberg Fisnik Asllani
32%
2 TSG 1899 Hoffenheim Roberto Firmino
32%
2022/23 1 Hamburger SV Sonny Kittel
32%
1 Hamburger SV Nicolai Müller
28%
1 VfB Stuttgart Josha Vagnoman
24%
1 VfL Wolfsburg Divock Origi
20%
1 VfB Stuttgart Konstantinos Mavropanos
20%
2021/22 1 Hamburger SV Ludovit Reis
20%
2 1. FC Heidenheim Mathias Honsak
20%
1 Hertha BSC Änis Ben-Hatira
16%
1 Hertha BSC Dedryck Boyata
16%
1 Eintracht Frankfurt Haris Seferovic
16%
1 1. FC Union Berlin Marvin Friedrich
16%
1 VfL Wolfsburg Robin Knoche
16%
2 1. FC Köln Sebastian Andersson
16%
1 Fortuna Düsseldorf Yannik Engelhardt
16%
2 1. FC Nürnberg Christian Eigler
12%
2009/10 1 1. FC Nürnberg Christian Eigler
12%
1 Holstein Kiel Jae-Sung Lee
12%
1 SV Werder Bremen Ludwig Augustinsson
12%
2015/16 1 Eintracht Frankfurt Mijat Gacinovic
12%
1 Fortuna Düsseldorf Ranisav Jovanovic
12%
2011/12 1 Hertha BSC Roman Hubnik
12%
1 VfB Stuttgart Silas
12%
1 TSG 1899 Hoffenheim Sven Schipplock
12%
1 Fortuna Düsseldorf Thomas Bröker
12%
1 VfL Wolfsburg Vieirinha
12%
1 1. FC Nürnberg Eric Maxim Choupo-Moting
8%
2023/24 1 Fortuna Düsseldorf Felix Klaus
8%
1 1. FC Nürnberg Ilkay Gündogan
8%
2008/09 2 1. FC Nürnberg Isaac Boakye
8%
1 TSG 1899 Hoffenheim Jannik Vestergaard
8%
2024/25 1 SV Elversberg Lukas Petkov
8%
2012/13 1 1. FC Kaiserslautern Mohamadou Idrissou
8%
1 SV Elversberg Robin Fellhauer
8%
2013/14 1 SpVgg Greuther Fürth Stephan Fürstner
8%
1 1. FC Union Berlin Suleiman Abdullahi
8%
1 TSG 1899 Hoffenheim David Abraham
4%
1 Hamburger SV Ivo Ilicevic
4%
1 1. FC Köln Rafael Czichos
4%
2020/21 1 Holstein Kiel Simon Lorenz
4%
1 1. FC Heidenheim Tim Siersleben
4%
1 1. FC Kaiserslautern Alexander Baumjohann
0%
1 1. FC Köln Ellyes Skhiri
0%
1 VfL Wolfsburg Josip Brekalo
0%
2017/18 1 Holstein Kiel Kingsley Schindler
0%
1 Karlsruher SC Reinhold Yabo
0%
1 VfL Wolfsburg Yunus Malli
0%
Keine übereinstimmenden Quizze gefunden
Verteilung der Resultate
Anzahl Personen mit jedem Resultat
Perzentil nach korrekt beantworteten Fragen
Ihre Resultats-Entwicklung
Sie haben dieses Quiz noch nicht gespielt